Foreign footballers in PL #1 Chelsea F.C. - Statistics

General Stats
  • This quiz has been taken 145 times
    127 since last reset
  • The average score is 8 of 10
Answer Stats
Nationality Footballer % Correct
Egypt Mohamed Salah
97%
USA Matt Miazga, Christian Pulisic
94%
Ghana Michael Essien, Christian Atsu, Abdul Rahman Baba
85%
Czech Republic Petr Cech, Tomas Kalas
85%
Cameroon Samuel Eto'o
78%
Colombia Juan Cuadrado, Falcao
76%
Scotland Billy Gilmour
75%
Netherlands Patrick van Aanholt, Nathan Aké, Marco van Ginkel
65%
Wales Ethan Ampadu
58%
Bosnia and Herzegovina Asmir Begovic
56%
No matching quizzes found
Score Distribution
Percent of People with Each Score
Percentile by Number Answered
Your Score History
You have not taken this quiz since the last reset